| 000 | 01132nam0a22002771 4500 | ||
|---|---|---|---|
| 001 | rc\3771642 | ||
| 005 | 20250530043332.0 | ||
| 021 |
_aRU _bП79-76 |
||
| 035 | _a(NLR Aleph) 007220971 | ||
| 090 |
_a7697444 _c7697444 |
||
| 100 | _a20120127d1975 |||y0rusy50 ca | ||
| 101 | 0 | _arus | |
| 102 | _aRU | ||
| 105 | _aa z ||||| | ||
| 200 | 1 |
_aПрименение пучков тяжелых ионов в смежных областях науки и техники _e(Доклад, представл. на Междунар. школу по ядерной физике, Миколайки, ПНР, авг. 1975 г.) |
|
| 210 |
_aДубна _cБ. и. _d1975 |
||
| 215 |
_a27 с. _cил. _d21 |
||
| 225 | 1 |
_aОбъединенный институт ядерных исследований. [Издания] _vР14-8979 |
|
| 320 | _aБиблиогр.: с. 26-27 | ||
| 700 | 1 |
_7ca _8rus _aБарашенков _bВ. С. _f1929-2004 _gВладилен Сергеевич _9218434 _3RU\NLR\AUTH\770218490 |
|
| 801 | 0 |
_aRU _bNLR _gpsbo |
|
| 801 | 1 |
_aRU _bELAR _2rusmarc |
|
| 852 |
_aNLR _jП11/2061 |
||
| 942 | _cBOOK | ||
| 980 | _aNB | ||